General Knowledge Quiz #124 - Statistics

General Stats
  • This quiz has been taken 85,363 times
    33,464 since last reset
  • The average score is 12 of 20
Answer Stats
Question Answer % Correct
What car company is led by Elon Musk? Tesla
98%
In what city would you find Notting Hill? London
82%
What unit of distance is approximately 6 trillion miles? Light year
81%
What place has only been visited by 12 people, all men, all born in the United States? The Moon
77%
What martial art was originally developed in Okinawa? Karate
75%
What is the popular name for the era of Western European history which lasted from about 476–1000 AD? The {Dark} Ages
75%
What comes next after eins and zwei? Drei
65%
What is the opposite of El Niño? La Niña
65%
What tiny mountain nation has the highest average elevation of any country within Europe? Andorra
64%
What is the equivalent of a hurricane when it starts in the Northwest Pacific Basin? Typhoon
64%
What is the name for a person who tried to turn base metals into gold? Alchemist
62%
Who wrote the violin concertos "The Four Seasons"? Antonio Vivaldi
62%
What character in the "Star Wars" universe was criticized for having a Jamaican accent? Jar Jar Binks
53%
If someone is masticating, what are they doing? Chewing
52%
What country was Nubia's northern neighbor? Egypt
46%
What organization owned a ship called "The Rainbow Warrior" that protested nuclear testing? Greenpeace
44%
What terrifying insect kills about 30 people per year in Japan? Japanese Giant Hornet
41%
What musical act is abbreviated NIИ? Nine Inch Nails
40%
What animal does the perfume ingredient ambergris come from? Sperm whales
40%
What beverage was originally flavored with sassafras? Root beer
29%
No matching quizzes found
Score Distribution
Percent of People with Each Score
Percentile by Number Answered
Your Score History
You have not taken this quiz since the last reset